00731nam a22001937a 4500999001900000005001700019010001500036020002600051035001400077037000900091082001100100100002000111245006900131260004400200270011300244300002000357942002500377952013500402 c186836d18683620220321123718.0 aENG-132035 a9789383051472c200.00 aEN-115567 bDBAD a155.25 aS., Shrinivasan aPersonality Development & Interpersonal Skills/cShrinivasan, S. aChennaibUnique Media Integratorsc2014 aNo. 8, 6th Cross, 8th Main Road, Vaishanavi Nagar, ThirmullaivoyalbChennaie600109mumi.infobooks@gmail.com a224pc22cm(pbk) 2ddccENh155.25mSHR 001040708NFICaLbLd2022-03-21eDBAD/PUBg200.00l11m4o155.25 SHRpEN-115567r2024-07-04 00:00:00s2024-06-20t1v200.00yEN